វារី និង មែកឈើ / (Record no. 1087)
[ view plain ]
| 000 -LEADER | |
|---|---|
| fixed length control field | 01840nam a22002777a 4500 |
| 005 - DATE AND TIME OF LATEST TRANSACTION | |
| control field | 20230803142519.0 |
| 020 ## - INTERNATIONAL STANDARD BOOK NUMBER | |
| International Standard Book Number | 9789924341574 |
| 040 ## - CATALOGING SOURCE | |
| Original cataloging agency | FISKH |
| Language of cataloging | eng |
| Transcribing agency | FISKH |
| Modifying agency | FISKH |
| 082 ## - DEWEY DECIMAL CLASSIFICATION NUMBER | |
| Classification number | 398.21 |
| 100 ## - MAIN ENTRY--PERSONAL NAME | |
| Personal name | Souvuthy, Sok |
| 245 ## - TITLE STATEMENT | |
| Title | វារី និង មែកឈើ / |
| 250 ## - EDITION STATEMENT | |
| Edition statement | Sipar printing, September 2022. |
| 260 ## - PUBLICATION, DISTRIBUTION, ETC. | |
| Place of publication, distribution, etc. | Phnom Penh : |
| Name of publisher, distributor, etc. | Sipar, |
| Date of publication, distribution, etc. | 2022. |
| 300 ## - PHYSICAL DESCRIPTION | |
| Extent | 24 pages : |
| Other physical details | color illustrations, |
| Dimensions | 22 cm. |
| 505 ## - FORMATTED CONTENTS NOTE | |
| Formatted contents note | G <br/> |
| 520 ## - SUMMARY, ETC. | |
| Summary, etc. | សៀវភៅនេះនិយាយអំពីតួអង្គ២នាក់ឈ្មោះ វ៉ារី និង រីគីដែលបានចាកចេញពីមិត្តមួយក្រុមរបស់ពួកគេទៅរកបេះផ្លែឈើហើយក៏ជួបនូវឧបទវហេតុមួយ ដោយមានខ្យល់បក់បោកយ៉ាងខ្លាំងបានធ្វើឲធ្លាក់មែកឈើសង្កត់ទៅលើខ្នងរបស់ វ៉ារី ហើយមិត្តភក្តិរបស់វ៉ារីទាំងអស់បានព្យាយាមរកមធ្យោបាយដើម្បីជួយគាត់។ |
| 520 ## - SUMMARY, ETC. | |
| Summary, etc. | This book tells the story of two characters, Vary and Ricky, who leave their group of friends to search for fruit when an accident happens. A strong wind blows a tree branch down on top of one of them and their group of friends must try to find and rescue them. |
| 521 ## - TARGET AUDIENCE NOTE | |
| Target audience note | 380 |
| Source | Lexile estimate |
| 521 ## - TARGET AUDIENCE NOTE | |
| Target audience note | G |
| Source | Raz-Plus |
| 650 ## - SUBJECT ADDED ENTRY--TOPICAL TERM | |
| Topical term or geographic name entry element | ធម្មជាតិ |
| Form subdivision | រឿងព្រេង |
| General subdivision | មិត្តភាព |
| 650 ## - SUBJECT ADDED ENTRY--TOPICAL TERM | |
| Topical term or geographic name entry element | Nature |
| Form subdivision | Fairytale |
| General subdivision | Friendship |
| 700 ## - ADDED ENTRY--PERSONAL NAME | |
| Personal name | Sopheap, Seat |
| Titles and other words associated with a name | illustrator. |
| 942 ## - ADDED ENTRY ELEMENTS (KOHA) | |
| Source of classification or shelving scheme | Dewey Decimal Classification |
| Koha item type | Books |
| Suppress in OPAC | No |
| 999 ## - | |
| -- | 1087 |
| -- | 1087 |
| Withdrawn status | Lost status | Source of classification or shelving scheme | Damaged status | Not for loan | Collection | Home library | Current library | Shelving location | Date acquired | Total Checkouts | Full call number | Barcode | Date last seen | Date last checked out | Copy number | Price effective from | Koha item type |
|---|---|---|---|---|---|---|---|---|---|---|---|---|---|---|---|---|---|
| Dewey Decimal Classification | Khmer Language Books / សៀវភៅភាសាខ្មែរ | Footprints International School Library Network Toul Kork Campus | Footprints International School Library Network Toul Kork Campus | TK Campus, Room B402, Khmer Book Case 16, Shelves 112-123 / ទូរសៀវភៅខ្មែរលេខ ១៦ ធ្នើរ ១១២ ដល់ ១២៣ បន្ទប់ B402 សាខាទួលគោក | 07/21/2023 | 2 | SOU 398.21 | 2023-0148 | 06/09/2025 | 02/14/2025 | 1 | 07/21/2023 | Books | ||||
| Dewey Decimal Classification | Khmer Language Books / សៀវភៅភាសាខ្មែរ | Footprints International School Library Network Toul Kork Campus | Footprints International School Library Network Toul Kork Campus | TK Campus, Room B402, Khmer Book Case 16, Shelves 112-123 / ទូរសៀវភៅខ្មែរលេខ ១៦ ធ្នើរ ១១២ ដល់ ១២៣ បន្ទប់ B402 សាខាទួលគោក | 07/21/2023 | 1 | SOU 398.21 | 2023-0149 | 06/09/2025 | 12/03/2024 | 2 | 07/21/2023 | Books |
